000 00295nam a2200121Ia 4500
008 240624s9999 xx 000 0 und d
041 _aeng
082 _a519.5 JAG
100 _aJAGGIA SANJIV
245 _aBUSINESS STATISTICS
260 _c2013
_aNew Delhi
_bTata McGraw - Hill
365 _cRS
_b33
999 _c25921
_d25921